[Event "FIDE World Cup 2007"]
[Site " Khanty Mansiysk "]
[Date "2007.11.24"]
[Round "1"]
[White "GM Macieja, Bartlomiej"]
[Black "GM Laznicka, Viktor"]
[Result "1-0"]
[WhiteElo "2606"]
[BlackElo "2610"]
[Annotator "Ëåáåäåâ Âàñèëèé"]
[PlyCount "35"]
[EventDate "2007.11.24"]

1. e4 e6 2. d4 d5 3. Nc3 dxe4 4. Nxe4 Nd7 5. Nf3 Ngf6 6. Nxf6+ Nxf6 7. Bg5 h6
8. Bh4 c5 9. Bb5+ Bd7 10. Bxd7+ Qxd7 11. Qe2 {
Ïîñëå ýòîãî ïîøëè âñÿêèå «èíòåðåñíîñòè».} cxd4 ({Íàâåðíîå èñòîê ïîðàæåíèÿ ÷¸ðíûõ
 â äàííîì ïîåäèíêå íàäî èñêàòü â ñëåäóþùåé âñòðå÷å.} 11... O-O-O 12.
O-O-O Qc7 (12... Qa4 $5) 13. Bg3 Bd6 14. Ne5 (14. Bxd6 $5 Qxd6 15. dxc5 Qxc5
16. Ne5 $36) 14... Bxe5 15. Bxe5 Qc6 16. dxc5 Qxc5 17. b3 {
È ïîñëå òîãî, êàê ÷¸ðíûå âûìåíÿëè ëàäüè} Rxd1+ 18. Rxd1 Rd8 19. Rxd8+ Kxd8 {
èõ åù¸ äîëãîå âðåìÿ ïûòàëèñü äîæàòü â ýíäøïèëå -} 20. Kb2 ({
ìîæåò áûòü, òóò çàñëóæèâàåò âíèìàíèÿ ñëåäóþùàÿ ïåðåãðóïïèðîâêà áåëûõ ñèë -} 
20. Qd2+ $5 Ke8 21. Bd4 ({íî ÷òî-òî ìíå ïîäñêàçûâàåò, ÷òî «ïåøå÷íèê» ïîñëå
} 21. Qd4 Qxd4 22. Bxd4 b6 23. Bxf6 gxf6 {ìîæåò îêàçàòüñÿ òðóäíûì äëÿ ÷¸ðíûõ})
21... Qa3+ 22. Kb1 Qd6 23. Qc3 {è ò.ä.}) 20... Ke7 21. a4 a6 22. h3 Kf8 23. c4
Nd7 24. Bc3 Qc6 25. f3 f6 26. a5 Kf7 27. b4 e5 28. Kb3 h5 29. Qd3 g6 30. g4
hxg4 31. hxg4 Ke6 32. Qe3 b6 33. axb6 Nxb6 34. Qe4 Qa4+ 35. Kb2 a5 36. bxa5
Nxc4+ 37. Kc1 Qa3+ 38. Kc2 Qa2+ 39. Kc1 Qa3+ 40. Kc2 Qa2+ 41. Kc1 {
(1/2 Laznicka,V (2434) - Kalod,R (2461)/Czechia 2005).}) 12. O-O-O Bc5 13. Qe5
Be7 ({Íàñêîëüêî ÿ ïîíÿë, íåâàæíî} 13... Qe7 14. Nxd4 O-O 15. Rhe1 ({ëþáîïûòíî
} 15. Bxf6 {ñ ïðèöåëîì íà âûãîäíûé ôåðçåâûé ýíäøïèëü, êîòîðûé ïîëó÷àåòñÿ
ïî÷òè ôîðñèðîâàííî -} gxf6 16. Qf4 Bxd4 17. Rxd4 Kh7 18. Rhd1 $36 {
È ÷¸ðíûå íå íàøëè íè÷åãî ëó÷øå, íåæåëè} Rfd8 19. Rxd8 Rxd8 20. Rxd8 Qxd8 21.
Qe4+ Kg7 22. Qxb7 $16 {, ïîñëå ÷åãî áåëûå äîâåëè äåëî äî ïîáåäû ïóò¸ì
íàäâèãàíèÿ ïåøêè âïåð¸ä «ñ». Âïðî÷åì ñ ñóùåñòâåííîé «ïîìîùüþ» ïðîòèâíèêà.
} Qa5 $1 {Õîòÿ áû îòûãðûâàÿ ìàòåðèàë.} 23. Qe4 Qxa2 24. Qg4+ Kh7 25. Qd4 Kg7
26. c4 {Ïîáåæàëè...} e5 27. Qd3 Qa5 28. Qg3+ Kf8 29. Qe3 Ke7 30. Kc2 h5 31. g3
Ke6 32. h4 Qc7 33. Kc3 a5 34. b3 Qb7 35. Kc2 Qb4 36. Qf3 Qe1 37. Qd5+ Ke7 38.
Qd2 Qa1 39. c5 Qa3 40. Qd6+ Ke8 41. Qb8+ Ke7 42. Qd6+ (42. Qb7+ $1) 42... Ke8
43. g4 ({â ïîñëåäíèé ðàç ìîæíî áûëî ñûãðàòü} 43. Qb8+ Ke7 $140 44. Qb7+ Ke6 45.
Qb6+ Ke7 46. c6 {, ïðîäîëæàÿ èãðó íà ïîáåäó}) 43... Qa2+ {
Òåïåðü ïàðòèÿ äîëæíà áûëà çàêîí÷èòüñÿ âíè÷üþ -} 44. Kc3 Qxf2 45. gxh5 Qe1+
46. Kc4 Qb4+ $2 ({ïîñëå ïðàâèëüíîãî} 46... Qe2+ $1 47. Kd5 $140 Qd3+ 48. Kc6
Qa6+ {ïîëó÷àëñÿ  âå÷íûé øàõ.}) 47. Kd5 $18 Qxh4 ({èëè} 47... Qxb3+ 48. Kc6
Qf3+ 49. Kc7 Qa8 {è ìîæíî èãðàòü äàæå} 50. Qc6+ Qxc6+ $140 51. Kxc6 a4 52. Kd6
{è ò.ä.}) 48. Kc6 Qxh5 49. Kc7 {
(1-0 Todorovic,G (2471) - Vernay,C (2381)/Budapest HUN 2007).}) 15... Rfd8 (
15... Rac8 $5) 16. f4 (16. Bxf6 $5) 16... Rd5 $2 (16... Rac8 $5) 17. Qxd5 $1
exd5 18. Rxe7 Bxe7 19. Nf5 Bd8 20. Bxf6 Bxf6 21. Rxd5 Re8 22. c3 h5 23. Nd6 Rd8
24. Rd2 {È çäåñü ÷¸ðíûå ñäàëèñü - 1-0 Anand,V (2781) - Gurevich,M (2644)/
Bastia 2004. Íî ÷òîáû íàì, ïåðâîðàçðÿäíèêàì, áûëî âñ¸ ïîíÿòíî â ñëåäóþùåé
ïàðòèè áåëûå âîëåé-íåâîëåé ïðîäåìîíñòðèðîâàëè ìåòîä äîñòèæåíèÿ ïîáåäû -} b6 25.
Nb5 a5 26. Rxd8+ Bxd8 27. Kd2 g6 28. Kd3 Kf8 29. Ke4 Ke7 30. Kd5 Kd7 31. a4 Be7
32. Nd4 Bc5 33. h3 Be7 34. Nc6 Bc5 35. b4 axb4 36. cxb4 Be3 37. Ne5+ Ke7 38. a5
{(1-0 Bogut,Z (2419) - Goric,E (2357)/Brcko 2005)}) ({
Íà âñòðå÷àâøååñÿ â ïàðå ïàðòèé} 13... Rc8 $1 {
(ïî âñåé âèäèìîñòè, ëó÷øåå) íåîïàñíî} 14. c3 $5 ({êàê è} 14. Bxf6 gxf6 15.
Qxf6 Rg8 16. Nxd4 Qa4 $132 {
0-1 Haznedaroglu,K (2430) - Goloshchapov,A (2519)/Saint Vincent 2005 (67)})
14... Qa4 $1 15. Bxf6 gxf6 16. Qxf6 Rg8 $1 17. Nxd4 (17. Rhe1 Qxa2 18. Nxd4
$140 $2 Ba3 $1) (17. Ne5 Rf8 18. Qf3 Qb5 {ñ îáîþäîîñòðîé èãðîé}) (17. Qxh6 $4
dxc3 $19) 17... Qxa2 18. Qf3 Rd8 19. Qxb7 $140 Bxd4 20. cxd4 Qa1+ 21. Kc2 Qa4+
22. Kb1 Rg4 $1 {È äåëî âïîëíå ìîæåò çàêîí÷èòüñÿ ñëåäóþùåé «ðûáîé» -} {
(òî åñòü} 23. b3 Qa5 24. d5 $1 {Áåëûå òîæå äîëæíû äåéñòâîâàòü àêòèâíî.} Rxg2 ({
äëÿ ñîâñåì óæ áîåâèêîâ ïðåäëàãàåòñÿ} 24... Rb4 $1 25. Qc6+ Kf8 26. Kb2 Re4) 25.
dxe6 Rxd1+ 26. Rxd1 Qf5+ 27. Kc1 Qc5+ 28. Kb1 Qf5+ 29. Ka1 Qa5+ 30. Kb1 {
- ñ ïîâòîðîì áåëûõ õîäîâ ïîñëå ïîâòîðîâ ÷¸ðíûõ øàõîâ.}) 14. Nxd4 Qa4 {
><¸ðíûå ïîêàìåñò èäóò ïî ñòîïàì ïðåäøåñòâåííèêîâ. Èáî òå çíàëè, ÷òî èãðàëè.} (
{Ïëîõî} 14... Bd6 15. Qe2 O-O {
, íà ÷òî ñëåäóåò âûãîäíûé äëÿ áåëûõ «ôîðñàæ» -} ({èëè} 15... Nd5 16. c4 $1
Rc8 17. Kb1 Nf4 18. Qg4 {ñ ìíîãî÷èñëåííûìè óãðîçàìè}) 16. Bxf6 gxf6 17. Nb5
Bf4+ 18. Kb1 Qc6 ({èëè} 18... Qe8 19. Qg4+ Kh7 20. Qxf4 Qxb5 21. Qxf6 {è ò.ä.})
19. Qg4+ Bg5 20. Nd4 Qc7 21. h4 f5 22. Qh5 Bf4 23. g3 Be5 24. Qxh6 $16 {
Êàê ìèíèìóì.}) 15. Qc7 Rd8 $4 ({
Ïðàâèëüíî, ïîòîìó ÷òî åäèíñòâåííî, çäåñü òîëüêî} 15... Qa6 $1 16. Rhe1 Qb6 17.
Qxb6 axb6 {è, ïî-ìîåìó, íà äîñêå ïðèìåðíî ðàâíàÿ ïîçèöèÿ, õîòÿ â ïåðâîé ïàðòèè,
â êîòîðîé âñòðåòèëîñü ýòî ïðîäîëæåíèå, ÷¸ðíûå äàæå âûèãðàëè, ïîñòåïåííî
ïåðåèãðàâ ñâîåãî ñîïåðíèêà  - 0-1 Paramonov,D (2320) - Kholmov,R (2420)/Minsk
2001 (69)}) 16. Nf5 $1 $18 {È ïåðâûé ðåçóëüòàò íà Êóáêå ìèðà ñòàë î÷åâèäåí!}
Rd7 {Ïëîõî, êàê è âñ¸ îñòàëüíîå.} ({Èëè} 16... exf5 17. Rxd8+ Bxd8 18. Re1+ Qe4
) ({À åñëè} 16... Rxd1+ {, òî ïîñëå} 17. Rxd1 {ñëîíà íå çàùèòèòü -} Qb4 $4 ({
íè óâåñòè -} 17... Bb4 18. Rd8#) 18. Qc8+ Bd8 19. Qxd8#) 17. Qc8+ Rd8 18. Nxg7+
({È òàê êàê ïîñëå} 18. Nxg7+ Kf8 19. Rxd8+ Kxg7 20. Bxf6+ Bxf6 21. Rxh8 {
íà äîñêå îñòà¸òñÿ ñëèøêîì ìàëî ÷¸ðíûõ «òîâàðèùåé», Âèêòîð Ëàçíè÷êà ñäàëñÿ.}
) 1-0

[Event "FIDE World Cup 2007"]
[Site "Khanty Mansiysk"]
[Date "2007.11.24"]
[Round "1"]
[White "GM Rublevsky, Sergei"]
[Black "GM Hera, Imre Jr"]
[Result "1-0"]
[WhiteElo "2676"]
[BlackElo "2544"]
[Annotator "Ëåáåäåâ Âàñèëèé"]
[PlyCount "47"]
[EventDate "2007.11.24"]

1. e4 c6 2. d4 d5 3. e5 {
Îñíîâíîå îðóæèå ÷åìïèîíà Ðîññèè-2005 ïðîòèâ Êàðî-Êàííà.} Bf5 4. Nd2 e6 5. Nb3
Nd7 6. Nf3 Bg6 {Íå ñàìîå ïîïóëÿðíîå ïðîäîëæåíèå.} ({×àùå ïðèìåíÿþò} 6... Ne7
{È âîò îäíà èç ïîñëåäíèõ ïàðòèé  Ñåðãåé Ðóáëåâñêîãî íà ýòó òåìó -} 7. Be2 h6 8.
O-O Qc7 9. Bd2 a5 $5 10. a4 g5 11. c4 Bg7 12. Bc3 O-O 13. h3 {
(1/2  Rublevsky,S (2680) - Svidler,P (2736)/Foros UKR 2007).}) 7. Be2 Be7 8.
O-O h5 9. Bd2 Nh6 10. c4 dxc4 11. Na5 {
Ïîêà âñ¸ áûëî ëèøü ïîâòîðåíèå ïðîéäåííîãî.} Rb8 $146 ({
Íà íåäàâíåì êîìàíäíîì ÷åìïèîíàòå Åâðîïû, ÷¸ðíûå äîâîëüíî ëåãêî óðàâíÿëè ïîñëå
} 11... Qb8 {, íî, íàâåðíîå, äàëüíåéøóþ èãðó áåëûõ ìîæíî óñèëèòü.} 12. Nxc4
Nb6 13. Qb3 Nxc4 14. Bxc4 Qc7 15. Bg5 $6 ({ïî-ìîåìó, íåòî÷íîñòü; ëó÷øå} 15.
a4 $5) ({èëè «âêðàä÷èâîå»} 15. h3 $5 Nf5 $140 $2 16. Bxe6 $1) 15... Be4 $1 {
Òåïåðü íåêîòîðûå ïðîáëåìû óæå ó áåëûõ!} 16. Rfe1 Bxf3 17. Bxe7 ({ñëàáåå} 17.
Bxh6 Bxg2 $1 18. Bxg7 $140 Rg8 19. Kxg2 Rxg7+ 20. Kh1 O-O-O $36) 17... Qxe7 18.
Qxf3 Nf5 ({ÿ áû ñêàçàë, ÷òî èíòåðåñíåå òóò} 18... O-O-O $5 {
Òåïåðü æå ïîçèöèÿ ðàâíàÿ.}) 19. Rad1 g6 20. Qc3 Rd8 21. Bb3 O-O {
(1/2 Asrian,K (2623) - Ruck,R (2561)/Crete GRE 2007)}) 12. Nxc4 Nf5 13. Ba5 Nb6
(13... b6 {
ñîçäà¸ò ñëàáîñòü íà ñ6, íà êîòîðóþ áåëûå ñ áîëüøèì óäîâîëüñòâèåì «íàâàëÿòñÿ»
}) 14. Rc1 Qd5 {Âîò â ÷¸ì áûëà èäåÿ 11-ãî õîäà ÷¸ðíûõ. Îíè ðåøèëè íå
ïðèâëåêàòü ôåðçÿ ê çàùèòíûì ôóíêöèÿì, êàê â ïàðòèè Àñðèÿí - Ðóê, à
àêòèâèçèðîâàòü åãî ïóò¸ì «ìîùíîé» öåíòðàëèçàöèè. Êàê îêàçàëîñü, ñåáå íà
ãîëîâó... È íà ðàäîñòü âñåì ïîêëîííèêàì Ñåðãåÿ Ðóáëåâñêîãî.} 15. Bxb6 axb6 16.
Nxb6 Qxa2 {Ïåøêó-òî ÷¸ðíûå îòûãðàëè, íî...} 17. d5 $3 {
È èõ ôåðçü âíåçàïíî îáíàðóæèë, ÷òî çàáëóäèëñÿ.} Qa5 ({Íà} 17... exd5 {ñëåäóåò}
18. Na4 $1 Ra8 $140 ({èëè} 18... b5 19. Ra1 Qxa4 20. Rxa4 bxa4 21. Qxa4 {è ò.ä.
}) 19. Ra1 {, è áåëûå ïðîñòî îáÿçàíû ïîáåæäàòü:} Rxa4 20. Rxa2 Rxa2 21. Qb3 Ra7
22. Qb6 {è ò.ä.}) ({Åù¸ õóæå} 17... cxd5 18. Bb5+ Kf8 19. Nd7+) ({Íå ñïàñàåò è
} 17... Qa7 {ââèäó èçÿùíîãî} 18. Nd7 $1 {è ôåðçü îïÿòü ïîïàëñÿ!} Ra8 {
Åñëè ÷¸ðíûå õîòÿò ñïàñòè ñâîþ ñèëüíåéøóþ ôèãóðó, òî íàäî èãðàòü òîëüêî òàê}
({åñëè} 18... exd5 {, òî} 19. Ra1 {è ò.ä.}) ({ñîâñåì «íå ñìîòðèòñÿ»} 18...
Kxd7 $4 19. dxc6+ {ñ ðàçãðîìîì}) ({ïîïðîáóåì «ïîòàêòè÷èòü»} 18... Ne3 $5 {
, íî è ýòî íå ñïàñàåò:} 19. fxe3 Qxe3+ 20. Kh1 Rd8 {
È áåëûé êîíü ÿêîáû çàâÿç, ïîòîìó ÷òî ÿêîáû ñâÿçàí. Íî ýòî òîëüêî êàæåòñÿ.} 21.
dxc6 bxc6 22. Rxc6 {è ïîñëå} Rxd7 {ðåøàåò ñâåðõèçÿùíîå} 23. Bb5 $3 {è äàëåå}
Qa7 ({ïîçâîëèì â àíàëèçå «êðàñèâîñòü» -} 23... Rxd1 $4 24. Rc8# $1) 24. Rc8+
Bd8 25. Ra8 $1 {è âñ¸! Äàëüíåéøåå îïóñòèì èç ìèëîñåðäèÿ}) 19. dxc6 bxc6 20.
Rxc6 Rd8 ({íà} 20... Qxd7 {ðåøàåò çíàêîìîå} 21. Bb5 $1) {
Âïðî÷åì, è ñåé÷àñ  áåëûõ «íåò âûáîðà»} 21. Bb5 $1 Rxd7 ({èëè} 21... Qb7 22.
Rb6 Qc7 23. Qa1 $1 {è Rc1+-}) ({ñìåõà ðàäè «ðàçáåð¸ì» è} 21... Qxd7 22. Qxd7+
Rxd7 23. Rc8+ Bd8 24. Rd1 $18) 22. Rc3 $1 {
- â êîíöå âñåõ âàðèàíòîâ ÷¸ðíûå òåðÿþò êà÷åñòâî.}) ({
Åù¸ ïîñìîòðèì è îáæîðíîå} 17... Qxb2 18. Rb1 Ne3 $5 ({íà} 18... Qc3 {
ïðîùå âñåãî} 19. Rb3 Qa5 20. dxc6 Rd8 21. c7 $18 {, òî åñòü:} Rxd1 22. Bb5+ $1
Qxb5 23. Rxd1 $1 {- íà ýòîì ïàðòèþ áóäåì ñ÷èòàòü çàêîí÷åííîé}) 19. Rxb2 Nxd1
20. Rxd1 exd5 21. Nd4 {- äóìàåòñÿ, ÷òî äîëæíîé êîìïåíñàöèè çäåñü ó ÷¸ðíûõ íåò
}) ({È íàïîñëåäîê -} 17... Rd8 18. d6 Nxd6 ({èíîãî íåò;} 18... Bf8 19. d7+ {
è ò.ä.}) 19. exd6 Bxd6 ({èëè} 19... Rxd6 20. Ra1 Rxd1 21. Rxa2 Rd8 22. Ra7 $18)
20. Ra1 ({ëþáîïûòíî è} 20. Qe1 $5) 20... Qxb2 21. Nc4 Qb4 22. Ra4 Qc5 23.
Nxd6+ Rxd6 (23... Qxd6 24. Qxd6 Rxd6 25. Ra7) 24. Ra8+ Ke7 25. Qb3 $1 {
, è ñîâåðøåííî ïîíÿòíî, êòî òóò èãðàåò íà ïîáåäó.}) 18. dxc6 {È ïîø¸ë ðàçãðîì.}
Rd8 ({Åñëè} 18... Qxb6 {, òî} 19. Qd7+ Kf8 20. c7 $18) ({À ïîñëå} 18... bxc6
19. Qd7+ Kf8 20. Nc8 {èãðàòü ÷¸ðíûìè òàêæå íåâûíîñèìî -} Qd8 ({èëè} 20... Qb4
21. Rxc6 Rb7 22. Rc7 Rxc7 23. Qxc7 {è íåëüçÿ äàæå} Qxb2 {ââèäó} 24. Nxe7 Nxe7
25. Qd8#) 21. Qxc6 Rxb2 22. Rfd1 Qe8 23. Qc7 $18 {
«Ïðîñòî êàðàóë!», åñëè ñìîòðåòü íà âñ¸ ýòî äåëî ñ «÷¸ðíîé» ñòîðîíû.} {(}
Rxe2 24. Nxe7 Nxe7 25. Rd8 $18 {).}) 19. Qd7+ $1 {È êðàñèâî, è ñèëüíî!} Rxd7 ({
Íà} 19... Kf8 {ôåðçåâîå ïîæåðòâîâàíèå ìîæíî è ïðîäëèòü} 20. c7 ({íî ïðîùå} 20.
Qc7 bxc6 $140 21. Nd7+) 20... Rxd7 21. Nxd7+ Kg8 22. c8=Q+) 20. cxd7+ Kf8 (
20... Kd8 21. Rc8#) 21. Rc8+ Bd8 22. Rxd8+ Ke7 23. Rxh8 {Êîãäà ãîâîðÿò, ÷òî ó
øàõìàòèñòà çà ôåðçÿ öåëûé âàãîí è ìàëåíüêàÿ òåëåæêà ôèãóð, òî èìåþò ââèäó
èìåííî òàêèå ïîçèöèè.} Qxb6 24. Bb5 $1 {
Ïîñëåäíèé øòðèõ õóäîæíèêà!  Øàõìàòíîå ïîëîòíî çàêîí÷åíî. ×¸ðíûå ñäàëèñü.} 1-0

[Event "FIDE World Cup 2007"]
[Site " Khanty Mansiysk "]
[Date "2007.11.24"]
[Round "11"]
[White "GM Berg, Emanuel"]
[Black "GM Najer, Evgeniy"]
[Result "0-1"]
[WhiteElo "2593"]
[BlackElo "2635"]
[Annotator "Ëåáåäåâ Âàêñèëèé"]
[PlyCount "140"]
[EventDate "2007.11.24"]

{Çàâåñà òàéíû, îêóòàâøàÿ äîâîëüíî ïîïóëÿðíîå ñåãîäíÿ ïðîäîëæåíèå, áûëà ñëåãêà
ïðèïîäíÿòà â ñëåäóþùåé ïàðòèè.} 1. e4 c5 2. Nf3 d6 3. d4 cxd4 4. Nxd4 Nf6 5.
Nc3 a6 6. Bg5 e6 7. f4 Qb6 8. Qd2 Qxb2 {Èòàê, çíàìåíèòûé âàðèàíò îòðàâëåííîé
ïåøêè! Â ïàìÿòè ñðàçó âñïëûâàåò ýïè÷åñêàÿ áèòâà Ìîòûë¸â-Àíàíä çèìîé â
Âåéê-àí-Çåå. ×òî-òî áóäåò ñåé÷àñ.} 9. Rb1 Qa3 10. e5 h6 11. Bh4 dxe5 12. fxe5
Nfd7 13. Ne4 Qxa2 14. Rd1 Qd5 15. Qe3 {È â ýòîì ãîëîâîëîìíîé, íî â ïîñëåäíåå
âðåìÿ äîâîëüíî ÷àñòî âñòðå÷àþùåìñÿ ïîëîæåíèè ÷¸ðíûå ïðèìåíÿþò âàæíóþ.
íîâèíêó.} Bc5 $5 $146 ({Íàñêîëüêî ìíå èçâåñòíî} 15... Qxe5 {
÷óòü ëè íå ôîðñèðîâàííî ïðîèãðûâàåò.} 16. Be2 Bc5 17. Bg3 Bxd4 18. Rxd4 Qa5+
19. Rd2 O-O 20. Bd6 Re8 21. O-O f5 22. Qg3 fxe4 23. Qg6 Rd8 24. Rf7 Qc3 {
È òåïåðü, êàê óñòàíîâèëè «ðûáíûå» ôàíàòû, âûèãðûâàëî} 25. Bb4 $3 $18 ({
Â ïàðòèè 1-0 RYBKA - SHREDDER/Amsterdam NED 2007 áûëî ñûãðàíî} 25. Bg4 {
è òåïåðü ïóò¸ì} Nc6 $1 ({Øðåäåð ñûãðàë ñëàáåå} 25... Nf8 {
è áûë ïåðåêàòàí â ãëóáîêîì ýíäøïèëå, âîçíèêøåì ïîñëå} 26. Bxf8 Qa1+ 27. Rf1
Qxf1+ 28. Kxf1 Rxf8+ 29. Rf2 Nc6 30. Bh5 Rxf2+ 31. Kxf2 Ne5 32. Qe8+ Kh7 33.
Ke3 {è ò.ä.}) 26. Bxe6 Kh8 {÷¸ðíûå, ïîõîæå, îòáèâàëèñü:} 27. Bf5 Qa1+ 28. Kf2
e3+ $1 29. Kg3 ({èëè} 29. Ke2 Kg8 30. Qh7+ Kxf7 31. Qg6+ Kg8 32. Qh7+) 29...
Kg8 30. Rxd7 Bxd7 {È íè÷åãî áîëüøå, ÷åì} 31. Qh7+ Kf7 32. Qg6+ Kg8 {
ñ âå÷íûì øàõîì ÿ íå âèæó.}) 25... Qa1+ 26. Rd1 Qe5 27. Bc4 $18 ({èëè} 27. Bg4
$18) {Òî åñòü} 27... Nc6 (27... Re8 28. Rxg7+ $1) 28. Bxe6 Kh8 29. Bf5 Kg8 30.
Bxe4 $1 {Âîò òàê!}) 16. Nxe6 $1 {È ïîø¸ë î÷åðåäíîé «ôîðñàæ» -} Bb4+ $1 17.
c3 Qxe6 18. cxb4 O-O 19. Be2 Nc6 20. O-O Qxe5 21. Bc4 {
È çäåñü, âðîäå áû, áåëûå ïîøëè íå òóäà, íå òîé äîðîãîé.} ({
Äóìàþ, íàäî ñåðü¸çíî àíàëèçèðîâàòü} 21. Rf4 $5 {
È òîãäà ðåçêèå òåëîäâèæåíèÿ ïðîòèâíèêó íå ïîìîãóò. Íàïðèìåð,} b5 {
, íå ïóñêàÿ ñëîíà íà ñ4.} ({èëè} 21... g5 $2 22. Bxg5 $1 hxg5 23. Rg4 f6 24.
Nxf6+ $1 Kf7 25. Ne4 Ke7 $8 26. Rxg5 Rf5 27. Rxf5 Qxf5 28. Nd6+ $1 Qe5 29. Qh3
$3 Nd4 30. Nxc8+ Rxc8 31. Qh7+ {, è áåëûå ïåðåõîäÿò â ýíäøïèëü «ñëîí ïðîòèâ
êîíÿ», ïðè÷¸ì ñ ëèøíåé ïåøêîé. Äà åù¸ ñ äâóìÿ ñâÿçàííûìè ïðîõîäíûìè! Òî åñòü:
} Ke8 32. Qh5+ Ke7 33. Qxe5+ Nxe5 34. Rxd4 {è ò.ä.}) (21... Nxb4) 22. Bf3 $1 (
22. Rg4 f5) 22... g5 23. Bxg5 $1 hxg5 24. Rg4 f6 25. Nxf6+ $1 {
Çíàêîìî, íå ïðàâäà ëè?} Rxf6 26. Rxg5+ Kf8 27. Rxe5 Ndxe5 28. Qc5+ $1 Kf7 ({èëè
} 28... Kg7 29. Bxc6 Nxc6 30. Rd6 Rxd6 31. Qxd6 $18) 29. Bd5+ Kg6 30. Rf1 Rxf1+
$140 31. Kxf1 Bb7 (31... Bd7 32. Bxc6 Nxc6 33. Qd6+) 32. Qd6+ Kg5 (32... Kf5
33. h4 $1) 33. h4+ $1 Kxh4 34. Qf6+ Kh5 35. g3 $3 $18 {
, ïîòîìó ÷òî áåëûå õîòÿò ñûãðàòü Be4...}) ({
Ðàññìîòðèì åù¸ îäèí ïåøå÷íûé «òû÷îê» (â îòâåò íà} 21. Rf4 {) -} f5 $5 ({
à åù, íàäî ñìîòðåòü è} 21... Nxb4) ({è, íàâåðíîå,} 21... Kh8 $5) 22. Bc4+ Kh7 (
{èëè} 22... Kh8 23. Rd5 Qb2 24. Rdxf5 Rxf5 25. Rxf5 $36 {Äàæå ïîñëå} Qd4 26.
Qxd4 Nxd4 27. Rf7 $1) 23. Rd5 Qb2 24. Ng5+ $1 ({ñêó÷íîå} 24. Rdxf5 {
ðàññìàòðèâàòü íå áóäåì.}) 24... hxg5 25. Bxg5 Nf6 ({åñëè} 25... Qb1+ {, òî} 26.
Kf2 Qb2+ 27. Rd2 Qxb4 $140 28. Bg8+ $1 Kxg8 29. Rxb4 Nxb4 30. Qb3+ Rf7 31. Qxb4
$14) 26. Rh4+ Kg6 27. Rd6 Qe5 28. Qd2 Qa1+ ({ïîãîíÿ çà ïåøêîé} 28... Nxb4 $2 {
äî äîáðà íå äîâîäèò:} 29. Rxf6+ $1 gxf6 30. Rh6+ Kg7 31. Bxf6+ Qxf6 32. Rxf6
Rxf6 33. Qxb4 {è ò.ä.}) 29. Kf2 Ne5 30. Bxf6 Rxf6 (30... gxf6 31. Qh6#) 31.
Rxf6+ Kxf6 32. Qd8+ Kg6 33. Qd6+ {Âå÷íûé øàõ, ãîñïîäà... Ïîñëå õîäà â ïàðòèè
èíèöèàòèâà áåëûõ óøëà, êàê âîäà â ïåñîê.}) 21... Qh5 22. Qg3 Kh7 {
Èíòåðåñíî áûëî áû óçíàòü ñêîëüêî âðåìåíè ïîòðàòèë ê ýòîìó ìîìåíòó.} 23. Rd5 $6
(23. Bb3 $5 f5 (23... Nde5 24. Bf6 $1 Ng4 25. Bc3 $1 $40 {Íàïðèìåð,} Bf5 (25...
Qg6 26. Bc2 $1) 26. Bc2 Bg6 27. Rd6) 24. Nd6 Nde5 25. Qe1 $1 f4 26. Rd5 {
, è ïî-ìîåìó, çäåñü åù¸ íè÷åãî íå ÿñíî.}) 23... f5 $1 24. Rdxf5 {
Ýòîò «âûèãðûø» ôåðçÿ âåä¸ò ê ïðîèãðàííîìó îêîí÷àíèþ.} Rxf5 25. Rxf5 Qxf5
26. Ng5+ hxg5 27. Bd3 Nde5 28. Bxf5+ Bxf5 29. Qxg5 Rf8 $19 {Äàëüíåéøåå -
ðåàëèçàöèÿ. Íî ïîòðóäèòñÿ, êîíå÷íî, ïðèøëîñü. Ôåðçü - âñ¸ æå ìîùíàÿ ôèãóðà. È
áûòü ìîæåò, áåëûå çàùèùàëèñü íå äîëæíûì îáðàçîì.} 30. Be1 Rf6 31. Qh5+ Kg8 32.
Bc3 Rf7 33. h3 Nd3 34. Qg5 Be4 35. Qg4 Nf4 36. Bxg7 ({Èëè} 36. Qc8+ Kh7 37. Qg4
Bxg2 38. Bd2 Ne5 {è ò.ä.}) 36... Rxg7 37. Qxf4 Bxg2 38. Kh2 (38. h4 Bd5+ 39.
Kh2 (39. Kf2 $4 Rf7) 39... Rg2+ 40. Kh3 Rg6) 38... Bd5 39. h4 Bf7 40. Qf5 Bg6
41. Qe6+ Kh7 42. h5 Bxh5 $6 43. Qf5+ Kh6 44. Qf6+ Rg6 45. Qf4+ ({Ïîñëå} 45.
Qf8+ {áåëûå åù¸ äîëãî-ïðåäîëãî øàõîâàëè áû. Íàïðèìåð,} Kg5 46. Qc5+ Kh4 (46...
Kg4) 47. b5 axb5 48. Qf2+ Kg4 (48... Kg5 49. Qc5+ Kh6 50. Qf8+) 49. Qg1+ Kf5
50. Qb1+ {è ò.ä. È êòî  çíàåò, íå ñìîãëè áû îíè çäåñü óõâàòèòü çà õâîñò
Æàð-ïòèöó âå÷íîãî øàõà?}) 45... Rg5 46. Qf6+ Bg6 47. Qh8+ Bh7 48. Qf6+ Kh5 {
À òåïåðü ÷¸ðíûå óäà÷íî ïåðåñòðàèâàþòñÿ â àòàêóþùèå êîëîííû.} 49. Qh8 Kg4 $1
50. Qc8+ ({Íåëüçÿ, ðàçóìååòñÿ,} 50. Qxh7 $4 Rh5+) 50... Kf4 51. Qxb7 Ne5 $1 52.
Qc7 ({Ïîñëå} 52. Qxa6 $4 {ïîëó÷àåòñÿ ìàò:} Nf3+ 53. Kh3 (53. Kh1 Rg1#) 53...
Bf5#) 52... Be4 53. Qc1+ Kg4 54. Qc8+ Rf5 55. Kg1 Bd3 56. Kg2 Bf1+ 57. Kg1 Bc4
58. Kg2 Bf1+ 59. Kg1 Bb5 60. Kg2 Bc6+ 61. Kg1 Kg3 {
Âîò è ÷¸ðíûé êîðîëü ïîäîø¸ë, ïîáëèæå, ÷òîáû ëè÷íî ó÷àñòâîâàòü â ýêçåêóöèè.}
62. Qg8+ Kf3 63. Qb3+ Kg4 64. Qg8+ Rg5 65. Qb3 $2 {Ïîñëåäíÿÿ îøèáêà.} (65. Qf8)
65... Kf4+ 66. Kf2 Rg2+ 67. Kf1 Rg3 {
È íà îãðîìíîé è ïóñòîé äîñêå áåëîìó ôåðçþ íå íàõîäèòñÿ ìåñòà.} 68. Qe6 ({Èëè} 
68. Qd1 Bb5+ 69. Ke1 Rg1+) 68... Bb5+ 69. Ke1 Re3+ 70. Kd1 Ba4+ ({Ââèäó} 70...
Ba4+ 71. Kc1 Nd3+ {áåëûå ñäàëèñü.}) 0-1